Vnímanie kvality produktov z pohľadu spotrebiteľov bakalárska práca

Na minha lista:
Detalhes bibliográficos
Autor principal: Hargašová, Barbora
Autor Corporativo: Obchodná fakulta EU. Katedra tovaroznalectva a kvality tovaru
Outros Autores: Krnáčová, Paulína, 1983-
Formato: Livro
Idioma:eslovaco
Publicado em: Bratislava 2016
Tags: Adicionar Tag
Sem tags, seja o primeiro a adicionar uma tag!

MARC

LEADER 00000nbm a2200000 4500
001 0218777
005 20161201142810.9
041 0 |a slo 
044 |a SK 
245 1 0 |a Vnímanie kvality produktov z pohľadu spotrebiteľov  |b bakalárska práca  |c Barbora Hargašová ; školiteľ: Paulína Krnáčová 
264 1 |a Bratislava  |c 2016 
300 |a 46 s. 
100 1 |a Hargašová, Barbora 
700 1 |a Krnáčová, Paulína, 1983- 
710 2 |a Obchodná fakulta EU. Katedra tovaroznalectva a kvality tovaru